Music Quiz

Random Music or This or That Quiz
Score 0/24 Timer 03:00
3 Plays Today
Question and Number O or U? % Correct
# of days per week the Beatles love you: 7???
86.9%
Wilson brothers in the Beach Boys: 5???
78.7%
Singing von Trapp children: 5???
77.4%
# of knocks to summon Tony Orlando: 2???
76.1%
Time, in minutes, of American Pie LP: 5.5???
75.5%
Top number on Spinal Tap amp dial: 10???
75.2%
Number of problems Jay-Z has: 69???
73.9%
Trombones in The Music Man: 106???
73.3%
MTV Video of the Year awards for Eminem: 1???
73%
Grammy awards won by Madonna: 12???
69.7%
Ways to leave your lover: 60???
68.8%
Randy Newman Oscar nominations: 34???
67.3%
Question and Number O or U? % Correct
Length, in seconds, of the Minute Waltz: 60???
67.1%
Notes in a traditional (diatonic) scale: 12???
65.1%
Jean Valjean's prisoner number: 46012???
61.4%
Tons loaded by Tennessee Ernie Ford: 19???
60.8%
Billy Joel studio albums: 11???
58.4%
Cost of a King of the Road room: $0.75???
56.8%
Cannon shots in the 1812 Overture: 24???
55.5%
Britney Spears platinum albums: 4???
52.6%
Joe Jackson kids with a gold record: 5???
51.7%
Rolling Stone covers for Bono & Dylan: 17???
51.2%
Elvis Presley #1 singles (U.S.): 26???
44.1%
Beethoven Symphonies: 12???
43.3%

You're not logged in!

Compare scores with friends on all Sporcle quizzes.
OR
Log In

Sporcle TV

Today on Sporcle TV


Watch our educational content, quiz creation guides, and fun videos on Sporcle TV.

Show Comments

Extras

Top Quizzes Today


Score Distribution

Paid Content

Your Account Isn't Verified!

In order to create a playlist on Sporcle, you need to verify the email address you used during registration. Go to your Sporcle Settings to finish the process.

Report this User

Report this user for behavior that violates our Community Guidelines.

Details: